|
|
|
|
| LEADER |
00000nam0a2200000 4500 |
| 001 |
285540 |
| 005 |
20231101235814.0 |
| 020 |
|
|
|a RU
|b 85-20591
|
| 035 |
|
|
|a (RuTPU)RU\TPU\book\309783
|
| 090 |
|
|
|a 285540
|
| 100 |
|
|
|a 20150225d1985 k y0rusy5003 ca
|
| 101 |
0 |
|
|a rus
|
| 102 |
|
|
|a RU
|
| 105 |
|
|
|a ab z 001zy
|
| 200 |
1 |
|
|a Гипергенное обогащение золоторудных месторождений Северо-Востока Азии
|f Н. В. Нестеров
|g Академия наук СССР (АН СССР), Сибирское отделение (СО), Бурятский геологический институт (БГИ) ; под ред. М. Н. Альбова
|
| 210 |
|
|
|a Новосибирск
|c Наука
|d 1985
|
| 215 |
|
|
|a 200 с.
|c ил.
|
| 320 |
|
|
|a Библиогр.: с. 193-199
|
| 606 |
1 |
|
|a Золоторудные месторождения
|y Сибирь
|2 stltpush
|3 (RuTPU)RU\TPU\subj\72629
|9 86054
|
| 610 |
1 |
|
|a геология
|
| 610 |
1 |
|
|a Азия
|
| 610 |
1 |
|
|a Северо-Восточная Азия
|
| 610 |
1 |
|
|a гипергенное минералообразование
|
| 610 |
1 |
|
|a стратиграфия
|
| 610 |
1 |
|
|a тектоника
|
| 610 |
1 |
|
|a геоморфология
|
| 610 |
1 |
|
|a обогащение
|
| 610 |
1 |
|
|a растворимость
|
| 610 |
1 |
|
|a осаждение
|
| 610 |
1 |
|
|a миграционные способности
|
| 675 |
|
|
|a 553.411(571)
|z rus
|v 3
|
| 700 |
|
1 |
|a Нестеров
|b Н. В.
|g Николай Васильевич
|4 070
|
| 702 |
|
1 |
|a Альбов
|b М. Н.
|4 340
|
| 712 |
0 |
2 |
|a Академия наук СССР (АН СССР)
|b Сибирское отделение (СО)
|b Бурятский геологический институт (БГИ)
|c (Улан-Удэ)
|2 stltpush
|3 (RuTPU)RU\TPU\col\11435
|
| 801 |
|
0 |
|a RU
|b RuMRKP
|c 19950704
|g psbo
|
| 801 |
|
1 |
|a RU
|b 63413507
|c 20150225
|
| 801 |
|
2 |
|a RU
|b 63413507
|c 20171215
|g RCR
|
| 942 |
|
|
|c BK
|